L' histoire d'amour de la rose de sable
Gespeichert in:
| 1. Verfasser: | |
|---|---|
| Format: | Buch |
| Sprache: | Französisch |
| Veröffentlicht: |
París
Plon
1954
|
| Schlagworte: | |
| Tags: |
Tag hinzufügen
Keine Tags, Fügen Sie den ersten Tag hinzu!
|
MARC
| LEADER | 00000nam a2200000 a 4500 | ||
|---|---|---|---|
| 001 | UCU0783 | ||
| 003 | CL-VaPUC | ||
| 008 | 960329e19540000FR |||||||||||||||||fre|d | ||
| 082 | 0 | 4 | |a 843 |b MON |2 21 |
| 100 | |a Montherlant, Henry de |e autor |9 335560 | ||
| 245 | 1 | 3 | |a L' histoire d'amour de la rose de sable |
| 300 | |a 243 p | ||
| 942 | |c BK | ||
| 945 | |d 19960329 00:00:00 |a rleighto | ||
| 260 | |a París |b Plon |c 1954 | ||
| 650 | 0 | |a Novela francesa |9 264985 | |
| 583 | |a last modification |c 19960329 00:00:00 |k Rodrigo Vera | ||
| 999 | |c 245592 |d 245590 | ||
| 952 | |0 0 |1 0 |4 0 |6 843_000000000000000_MON_1954 |7 0 |8 A |9 260140 |a BIBEDU |b BIBEDU |d 2019-11-19 |i 3186636 |o 843 MON 1954 |p 3186636 |r 2019-11-19 |w 2019-11-19 |y BK |k LIT | ||